Países que contienen las letras CH - Estadísticas

Estadísticas generales
  • Esta prueba ha sido intentada 33 veces
    7 desde el último reinicio
  • La puntuación promedio es 5 de 7
Estadísticas de respuestas
Respuesta % Correcto
Chile
100%
China
100%
Chipre
100%
Chad
83%
República Checa
67%
Liechtenstein
33%
Seychelles
33%
No se encontraron pruebas coincidentes
Distribución de puntuación
Porcentaje de gente con cada puntuación
Porcentaje por número respondido
Historial de tus puntuaciones
No has intentado esta prueba desde el último reinicio